| 000 | 00504nam a2200181Ia 4500 | ||
|---|---|---|---|
| 005 | 20250618131926.0 | ||
| 008 | 008 250516s9999 xx 000 0 eng d | ||
| 020 | _a9781571135292 | ||
| 040 |
_beng _cSDCL |
||
| 041 |
_aeng _2eng |
||
| 084 | _aO855,3:g(Y15) Q2 | ||
| 100 |
_aPotter, Edward T. _9809824 |
||
| 245 | 0 | _aMarriage, gender, and desire in early enlightenment German comedy | |
| 260 |
_aN Y: _bCamden House, _c2012. |
||
| 300 | _ax,198p. | ||
| 650 | _aLiterature | ||
| 942 |
_cTEXL _2CC |
||
| 999 |
_c1429938 _d1429938 |
||